Catholic University of Zimbabwe Library
Online Public Access Catalogue
(OPAC)

Tourism research frontiers (Record no. 30656)

MARC details
000 -LEADER
fixed length control field 03175nam a2200385Ia 4500
001 - CONTROL NUMBER
control field bslw09358228
003 - CONTROL NUMBER IDENTIFIER
control field UtOrBLW
005 - DATE AND TIME OF LATEST TRANSACTION
control field 20210303085049.0
006 - FIXED-LENGTH DATA ELEMENTS--ADDITIONAL MATERIAL CHARACTERISTICS
fixed length control field m o d
007 - PHYSICAL DESCRIPTION FIXED FIELD--GENERAL INFORMATION
fixed length control field cr un|||||||||
008 - FIXED-LENGTH DATA ELEMENTS--GENERAL INFORMATION
fixed length control field 150821s2015 enk ob 000 0 eng d
020 ## - INTERNATIONAL STANDARD BOOK NUMBER
International Standard Book Number 9781783509942 (electronic bk.) :
Terms of availability Đ87.95 ; <U+20ac>121.95 ; $154.95
040 ## - CATALOGING SOURCE
Original cataloging agency UtOrBLW
050 #4 - LIBRARY OF CONGRESS CALL NUMBER
Classification number G155.A1
Item number T68 2015
072 #7 - SUBJECT CATEGORY CODE
Subject category code KNSG
Source bicssc
072 #7 - SUBJECT CATEGORY CODE
Subject category code BUS081000
Source bisacsh
080 ## - UNIVERSAL DECIMAL CLASSIFICATION NUMBER
Universal Decimal Classification number 338.48
082 04 - DEWEY DECIMAL CLASSIFICATION NUMBER
Classification number 338.4791
Edition number 23
245 00 - TITLE STATEMENT
Title Tourism research frontiers
Medium [electronic resource] :
Remainder of title beyond the boundaries of knowledge /
Statement of responsibility, etc. edited by Donna Chambers, Tijana Rakic<U+0301>.
260 ## - PUBLICATION, DISTRIBUTION, ETC.
Place of publication, distribution, etc. Bingley, U.K. :
Name of publisher, distributor, etc. Emerald,
Date of publication, distribution, etc. 2015.
300 ## - PHYSICAL DESCRIPTION
Extent 1 online resource (x, 233 p.)
490 1# - SERIES STATEMENT
Series statement Tourism social science series,
International Standard Serial Number 1571-5043 ;
Volume/sequential designation v. 20
504 ## - BIBLIOGRAPHY, ETC. NOTE
Bibliography, etc. note Includes bibliographical references.
505 0# - FORMATTED CONTENTS NOTE
Formatted contents note Tourism research frontiers / Donna Chambers, Tijana Rakic<U+0301> -- Popculture tourism / Szilvia Gyimo<U+0301>thy ... [et al.] -- The tourismization of Ilha Grande, Brazil / Teresa Cristina de Miranda Mendonc<U+0327>a -- Gospel festivals as heterotopia / Donna Chambers -- Tourism of spiritual growth as a voyage of Discovery / Marco Antonio Robledo -- The salience of tourism in politics / Ercil T.A. Charles Jr., Donna Chambers -- Right-wing visual rhetoric and Switzerland's tourism image / William Feighery -- Sustainable island tourism / Jerome L. McElroy -- Destination evolution and network dynamics / Jarle Aarstad, Ha<U+030a>vard Ness, Sven A. Haugland -- Conclusion / Donna Chambers, Tijana Rakic<U+0301>.
520 ## - SUMMARY, ETC.
Summary, etc. This book recognizes that while tourism research has undoubtedly penetrated and gone beyond a number of knowledge frontiers, frontiers are never static, but are constantly shifting and changing form in the context of a dynamic environment. This book therefore is a much needed contribution which acknowledges the imperative for continuous innovation and renewal in tourism research if it is to remain relevant. In this regard the book contains original papers which span a number of creative topics and debates and which transcend existing frontiers of tourism knowledge, including pop-culture tourism, gospel festivals as heterotopia, tourism and elections, articulations of the concept of tourismization and tourism of spiritual growth and critical explorations of the tourism image of Switzerland as represented in right wing visual rhetoric. Importantly this original text also includes novel discussions of sustainability and destination evolution and network dynamics. The book concludes with reflections from the editors on additional frontiers of tourism research and knowledge still to be traversed.
588 0# - SOURCE OF DESCRIPTION NOTE
Source of description note Print version record
650 #7 - SUBJECT ADDED ENTRY--TOPICAL TERM
Topical term or geographic name entry element Business & Economics
General subdivision Industries
-- Hospitality, Travel & Tourism.
Source of heading or term bisacsh
650 #7 - SUBJECT ADDED ENTRY--TOPICAL TERM
Topical term or geographic name entry element Tourism industry.
Source of heading or term bicssc
650 #0 - SUBJECT ADDED ENTRY--TOPICAL TERM
Topical term or geographic name entry element Tourism
General subdivision Research.
700 1# - ADDED ENTRY--PERSONAL NAME
Personal name Chambers, Donna.
700 1# - ADDED ENTRY--PERSONAL NAME
Personal name Rakic, Tijana.
776 1# - ADDITIONAL PHYSICAL FORM ENTRY
International Standard Book Number 9781783509935
830 #0 - SERIES ADDED ENTRY--UNIFORM TITLE
Uniform title Tourism social science series ;
Volume/sequential designation v. 20.
856 40 - ELECTRONIC LOCATION AND ACCESS
Uniform Resource Identifier <a href="https://www.emerald.com/insight/publication/doi/10.1108/S1571-5043201520">https://www.emerald.com/insight/publication/doi/10.1108/S1571-5043201520</a>
Holdings
Withdrawn status Lost status Source of classification or shelving scheme Damaged status Not for loan Home library Current library Shelving location Date acquired Total Checkouts Full call number Date last seen Uniform Resource Identifier Price effective from Koha item type
          Digital Library Digital Library Online Access 03.03.2021   G155.A1 T68 2015 03.03.2021 https://www.emerald.com/insight/publication/doi/10.1108/S1571-5043201520 03.03.2021 eBook

OPENING HOURS

Weekdays: 0815hrs - 1800hrs
Weekends:0900hrs - 1200hrs

Closed for Mass:

Mon, Thur: 1200hrs - 1300hrs
Sunday & Public Holiday’s

CALL SUPPORT

0242-570570, 0242-570169
09200664, +263 8644140602

LOCATION

18443, Cranborne Avenue, Hatfield, Harare

Other Links


©2021 | CUZ Library